000
00325nam a2200133Ia 4500
008
150201s2011 xx 000 0 und d
082
_a
618.1
_b
C11S
100
_a
SUNYA , AMITA
245
_a
CLINICS OBSTETRICS & GYNAECOLOGY
260
_b
CBS
_a
DELHI
_c
2011
300
_a
170
650
_a
OBST. & GYNEA.
942
_2
ddc
_c
BK
_0
18
999
_c
1935
_d
1935